Điển nghĩa văn học nôm Việt Nam /
שמור ב:
| מחבר ראשי: | |
|---|---|
| פורמט: | Sách giấy |
| שפה: | Vietnamese |
| יצא לאור: |
H. :
Từ điển Bách khoa,
2002
|
| תגים: |
הוספת תג
אין תגיות, היה/י הראשונ/ה לתייג את הרשומה!
|
| Thư viện lưu trữ: | Thư viện Trường Đại học Đà Lạt |
|---|
| LEADER | 00741nam a2200289 4500 | ||
|---|---|---|---|
| 001 | DLU030025593 | ||
| 005 | ##20021230 | ||
| 008 | ##021230t vn z000 vie d | ||
| 040 | # | # | |a DLU |b vie |
| 041 | # | # | |a vie |
| 044 | # | # | |a vn |
| 082 | # | # | |a 495.922 7 |b NG-G |
| 100 | # | # | |a Nguyễn Thạch Giang |
| 245 | # | # | |a Điển nghĩa văn học nôm Việt Nam / |c Nguyễn Thạch Giang |
| 260 | # | # | |a H. : |b Từ điển Bách khoa, |c 2002 |
| 300 | # | # | |a 502 tr. ; |c 21 cm |
| 500 | # | # | |a Có bảng chú dẫn (tr. 463-501) |
| 992 | # | # | |a 53000 |
| 994 | # | # | |a DLU |
| 998 | # | # | |a TK |
| 900 | # | # | |a True |
| 911 | # | # | |a Thái Thị Thanh Thủy |
| 925 | # | # | |a G |
| 926 | # | # | |a A |
| 927 | # | # | |a SH |
| 980 | # | # | |a Thư viện Trường Đại học Đà Lạt |